000 00429nam a2200181Ia 4500
005 20240823062835.0
008 240823s9999||||xx |||||||||||||| ||und||
041 _aENGLISH
082 _A604.2 N5
100 _aOstrowsky O
245 0 _aEngineering Drawing With CAD Applications
250 _a1st
260 _c1995
_b"EL BS,London"
500 _aTRANSFERED
650 _aCAD
_bMechanical
942 _cBK
999 _c236835
_d236835